| 000 | 01413cam a22003371 4500 | ||
|---|---|---|---|
| 001 | e 39000343 | ||
| 003 | DLC | ||
| 005 | 20260227111228.0 | ||
| 008 | 861020s1938 alu s000 0 eng | ||
| 010 | _ae 39000343 | ||
| 035 | _a(OCoLC)14443035 | ||
| 040 |
_aDLC _cATrT _dDLC |
||
| 042 | _apremarc | ||
| 050 | 0 | 0 |
_aL116 _b.B2 1938, no. 8 |
| 110 | 1 |
_aAlabama. _bDepartment of Education. |
|
| 245 | 1 | 2 |
_aA guide to the improvement of the curriculum. _cDivision of instruction. Authorized by the State board of education, 1938. |
| 260 |
_a[Montgomery, _c1938] |
||
| 300 |
_aviii, 264 p. _c24 cm. |
||
| 490 | 1 |
_aBulletin, _v1938, no. 8 |
|
| 490 | 1 |
_aCurriculum bulletin, _vno. 5 |
|
| 500 | _aAt head of title: State of Alabama. Department of education, Montgomery. | ||
| 500 | _a"Alabama curriculum development program."--p. 1. | ||
| 500 | _a"Prepared for the most part by a committee of teachers working in the Curriculum laboratory at George Peabody college."--p. v. | ||
| 504 | _aIncludes bibliographies. | ||
| 504 | _a"General bibliography for improvement of the curriculum": p. 250-264. | ||
| 650 | 0 |
_aEducation _xCurricula _zAlabama. |
|
| 710 | 1 |
_aAlabama. _bState Board of Education. |
|
| 740 | 0 | _aAlabama curriculum development program. | |
| 830 | 0 |
_aBulletin (Alabama. Department of Education) ; _v1938, no. 8. |
|
| 830 | 0 |
_aCurriculum bulletin (Alabama. Department of Education) ; _vno. 5. |
|
| 999 |
_c21674 _d21674 |
||